000 00768nam a22002055i 4500
001 170880
003 ES-MaACL
005 20250516163848.0
008 090414s1885 fr |||| | fre d
080 _a78.089.1
100 1 _aMeilhac, Henri.
_9129795
245 1 3 _aLa grande-duchesse de Gérolstein
_b: opéra bouffe en trois actes et quatre tableaux /
_cHenry Meilhac & Ludovic Halévy ; musique de Jacques Offenbach.
260 _aParis :
_bCalmann-Lévy,
_c[1885?]
300 _a139 p. ;
_c19 cm.
650 4 _aOperetas-
_vLibretos.
_9139352
700 1 _aHalévy, Ludovic,
_d1834-1908
_9240505
700 0 _aOffenbach, Jacques.
_986559
852 4 _aES-MaACL
_jE-12563
_9R.140175
_z. - Biblioteca Jacinto Martínez Lacalle
999 _c170880
_d170880